000 00737nam a2200205Ia 4500
003 GCL
008 140319s9999 xx 000 0 ara d
040 _aGCL /
_cGCL
082 0 4 _a813.009
_bع م
100 1 _aعبدالرحمن ابوعوف
245 1 0 _aمقدمه فى القصة القصيرة /
_cعبدالرحمن ابوعوف
260 _aالقاهرة :
_bالهيئة المصرية العامة للكتاب ،
_c1997
300 _a206 ص ؛
_c16 سم
490 _aمكتبة الاسرة
_v0
650 0 4 _aالادب العربى
650 0 4 _aالقصص العربية القصيرة
650 0 4 _aالادب - تاريخ ونقد
650 0 4 _aالقصص العربية - تاريخ ونقد
942 _2ddc
_cBK
999 _c50718
_d50718